=LDR 00000nam 2200000 4500 =001 INLIS000000000022405 =005 20130612121150 =008 ***********************************ind** =035 ##$$0010-061300000022405 =041 ##$$a ind =082 ##$$a 2x5 =090 ##$$a 2x5, AZI c =100 ##$$a Al Aziz, Moh.Saifulloh =245 ##$$a Cahaya Penerang Hati, Moh. Saifulloh Al Aziz S =260 ##$$a 2004 $b Surabaya =300 ##$$a x, 333 hlm., 21 cm =650 ##$$a Islam =650 ##$$a Moralitas =850 ##$$a NBPNMAT